UBT Library

Van Nostrand's scientific encyclopedia / (Record no. 39510)

000 -LEADER
fixed length control field 00790cam a2200265 a 4500
001 - CONTROL NUMBER
control field 2436533
005 - DATE AND TIME OF LATEST TRANSACTION
control field 20171228034102.0
008 - FIXED-LENGTH DATA ELEMENTS--GENERAL INFORMATION
fixed length control field 880317s1989 nyua be 001 0 eng
010 ## - LIBRARY OF CONGRESS CONTROL NUMBER
LC control number 88010601
020 ## - INTERNATIONAL STANDARD BOOK NUMBER
International Standard Book Number 0442217501 (set)
020 ## - INTERNATIONAL STANDARD BOOK NUMBER
International Standard Book Number 0442318146 (v. 1)
020 ## - INTERNATIONAL STANDARD BOOK NUMBER
International Standard Book Number 0442318162 (v. 2)
040 ## - CATALOGING SOURCE
Original cataloging agency DLC
Transcribing agency DLC
Modifying agency DLC
041 ## - LANGUAGE CODE
Language code of text/sound track or separate title eng
080 ## - UNIVERSAL DECIMAL CLASSIFICATION NUMBER
Universal Decimal Classification number 03..21 VAN
082 00 - DEWEY DECIMAL CLASSIFICATION NUMBER
Classification number 503..21 VAN
Edition number 19
100 ## - Rafti
Rafti 21
101 ## - Shkurtesa
Shkurtesa ENC
245 00 - TITLE STATEMENT
Title Van Nostrand's scientific encyclopedia /
Statement of responsibility, etc Douglas M. Considine, editor ; Glenn D. Considine, managing editor.
504 ## - BIBLIOGRAPHY, ETC. NOTE
Bibliography, etc Includes bibliographies and index.
740 0# - ADDED ENTRY--UNCONTROLLED RELATED/ANALYTICAL TITLE
Uncontrolled related/analytical title Scientific encyclopedia.
906 ## - LOCAL DATA ELEMENT F, LDF (RLIN)
a 7
b cbc
c orignew
d 1
e ocip
f 19
g y-gencatlg
942 ## - ADDED ENTRY ELEMENTS (KOHA)
Source of classification or shelving scheme
Item type Books
Holdings
Withdrawn status Lost status Source of classification or shelving scheme Damaged status Not for loan Permanent location Current location Date acquired Total Checkouts Full call number Barcode Date last seen Price effective from Koha item type
          UBT - Lipjan UBT - Lipjan 12/28/2017   503..21 VAN 002-2994114 12/28/2017 12/28/2017 Books
UBT Library © 2015-2024. All rights reserved University Education for Business and Technology